Cómo vencer el miedo al agua y aprender a nadar

Saved in:
Bibliographic Details
Main Authors: Zumbrunnen, Roger (Author), Fouace, Jean (Author)
Format: Book
Language:Spanish
Published: Barcelona Paidotribo 2001
Edition:1a. ed
Subjects:
Tags: Add Tag
No Tags, Be the first to tag this record!

MARC

LEADER 00000nam a2200000 a 4500
001 UCM1442
003 CL-VaPUC
008 020404e20010000SP |||||||||||||||||spa|d
020 |a 8480195878 
082 0 4 |a 797.21  |b ZUM  |2 21 
100 0 |a Zumbrunnen, Roger  |e author  |9 468402 
700 0 |a Fouace, Jean  |e author  |9 468403 
245 1 0 |a Cómo vencer el miedo al agua y aprender a nadar 
250 |a 1a. ed 
300 |a 159 p 
942 |c BK 
945 |d 20020404 00:00:00  |a vberengu 
260 |a Barcelona  |b Paidotribo  |c 2001 
650 7 |a HIDROFOBIA  |2 CL-VaPUC  |9 468404 
650 0 |a Natación  |9 307454 
650 7 |a DEPORTES ACUATICOS  |2 CL-VaPUC  |9 262007 
583 |a last modification  |c 20150714 11:12:28  |k Rodrigo Vera 
999 |c 299900  |d 299898 
952 |0 0  |1 0  |4 0  |6 797_210000000000000_ZUM_2001  |7 0  |8 A  |9 356938  |a BIBEDU  |b BIBEDU  |d 2019-11-21  |i 380514K  |o 797.21 ZUM 2001  |p 380514K  |r 2019-11-21  |w 2019-11-21  |y BK  |k EFI 
952 |0 0  |1 0  |4 0  |6 797_210000000000000_ZUM_2001  |7 0  |8 A  |9 356939  |a BIBEDU  |b BIBEDU  |d 2019-11-21  |i 3805158  |o 797.21 ZUM 2001  |p 3805158  |r 2019-11-21  |w 2019-11-21  |y BK  |k EFI 
952 |0 0  |1 0  |4 0  |6 797_210000000000000_ZUM_2001  |7 0  |8 C  |9 356940  |a BIBCUR  |b BIBCUR  |d 2019-11-21  |i 4708784  |o 797.21 ZUM 2001  |p 4708784  |r 2025-04-22  |w 2019-11-21  |y BK  |k DEN